Quiz o narodowościach piłkarzy #2 - Statystyki

Ogólne statystyki
  • Ten quiz został rozwiązany 589 razy
  • Średni wynik to 11 z 15
Statystyki odpowiedzi
Zagadnienie Odpowiedź % Poprawnych
Który kraj na arenie międzynarodowej reprezentuje Ousmane Dembélé? Francja
98%
Który kraj na arenie międzynarodowej reprezentuje Alexander Isak? Szwecja
94%
Który kraj na arenie międzynarodowej reprezentuje Christian Eriksen? Dania
93%
Który kraj na arenie międzynarodowej reprezentuje Edwin van der Sar? Holandia
91%
Który kraj na arenie międzynarodowej reprezentuje Victor Osimhen? Nigeria
90%
Który kraj na arenie międzynarodowej reprezentuje Martin Ødegaard? Norwegia
90%
Który kraj na arenie międzynarodowej reprezentuje Henrikh Mkhitaryan? Armenia
85%
Który kraj na arenie międzynarodowej reprezentuje Séamus Coleman? Irlandia
64%
Który kraj na arenie międzynarodowej reprezentuje Ryan Giggs? Walia
63%
Który kraj na arenie międzynarodowej reprezentuje Nicolas Pépé? WKS
59%
Który kraj na arenie międzynarodowej reprezentuje Mohammed Kudus? Ghana
56%
Który kraj na arenie międzynarodowej reprezentuje John Arne Riise? Norwegia
51%
Który kraj na arenie międzynarodowej reprezentuje Abdoulaye Doucouré? Mali
47%
Który kraj na arenie międzynarodowej reprezentuje Martin Škrtel? Słowacja
43%
Który kraj na arenie międzynarodowej reprezentuje Odilon Kossounou? WKS
35%
Nie znaleziono quizów pasujących do podanych kryteriów
Rozkład punktacji
Procent ludzi z każdym wynikiem
Percentyl według liczby udzielonych odpowiedzi
Twoja historia wyników
Nie rozwiązałeś tego quizu